| 000 | 00686nam a22002177a 4500 | ||
|---|---|---|---|
| 999 |
_c3042 _d3042 |
||
| 003 | AR-CdUCM | ||
| 008 | 190305b ||||| |||| 00| 0 spa d | ||
| 040 |
_aMUNICIPALIDAD PROVINCIAL DEL CUSCO _cBIBLIOTECA MUNICIPAL DEL CUSCO |
||
| 082 |
_a869.964 / _bN29 |
||
| 110 |
_aInstituto Cubano del Libro _910350 |
||
| 245 |
_aManuel Navarro Luna : _bel autor y su obra / |
||
| 260 |
_aCuba : _bPueblo y Educación, _c1973 |
||
| 300 |
_a59 páginas ; _c24 cm. |
||
| 500 | _aDonación de la familia Nieto | ||
| 650 |
_aCuba _91821 |
||
| 650 |
_aPoesía Cubana _9669 |
||
| 650 |
_aSiglo XX _98 |
||
| 700 |
_aExpósito, Alejandro (Introducción) _910351 |
||
| 942 |
_2ddc _cLIBROS |
||
| 945 | _araen | ||